000
00294nam a2200109Ia 4500
008
220204s9999 xx 000 0 und d
082
_a
002
_b
WEB
100
_a
Webb, Sylvia P
245
0
_a
Preparing a guide to your library and information service
260
_a
London
_b
Aslib
_c
1995
942
_c
BK
999
_c
40802
_d
40802